The cove (Record no. 65333)
[ view plain ]
| 000 -LEADER | |
|---|---|
| fixed length control field | 02829cgm a2200553Ka 4500 |
| 001 - CONTROL NUMBER | |
| control field | ocn443502895 |
| 003 - CONTROL NUMBER IDENTIFIER | |
| control field | OCoLC |
| 005 - DATE AND TIME OF LATEST TRANSACTION | |
| control field | 20241220124144.0 |
| 008 - FIXED-LENGTH DATA ELEMENTS--GENERAL INFORMATION | |
| fixed length control field | 091001s2009 cau092 vleng d |
| 007 - PHYSICAL DESCRIPTION FIXED FIELD--GENERAL INFORMATION | |
| fixed length control field | vd cvaizq |
| 040 ## - CATALOGING SOURCE | |
| Original cataloging agency | TEFMT |
| Transcribing agency | TEFMT |
| Modifying agency | TEF |
| -- | GK8 |
| -- | WHE |
| -- | UINTA |
| 024 10 - OTHER STANDARD IDENTIFIER | |
| Standard number or code | 031398115700 |
| Additional codes following the standard number or code | 80 |
| 028 40 - PUBLISHER NUMBER | |
| Publisher number | 26590 |
| Source | Lionsgate |
| 035 ## - SYSTEM CONTROL NUMBER | |
| System control number | (OCoLC)443502895 |
| 037 ## - SOURCE OF ACQUISITION | |
| Source of stock number/acquisition | Midwest Tape |
| Note | http://www.midwesttapes.com |
| 041 1# - LANGUAGE CODE | |
| Language code of text/sound track or separate title | eng |
| -- | eng |
| -- | spa |
| Language code of original and/or intermediate translations of text | eng |
| 043 ## - GEOGRAPHIC AREA CODE | |
| Geographic area code | a-ja--- |
| 050 #4 - LIBRARY OF CONGRESS CALL NUMBER | |
| Classification number | QL737.C432 |
| Item number | C68 2009 |
| 082 04 - DEWEY DECIMAL CLASSIFICATION NUMBER | |
| Classification number | 599.530952 |
| -- | 179/.30952 |
| Edition number | 22 |
| 049 ## - LOCAL HOLDINGS (OCLC) | |
| Holding library | UCLB |
| 092 ## - LOCALLY ASSIGNED DEWEY CALL NUMBER (OCLC) | |
| Classification number | 599.530 |
| 245 04 - TITLE STATEMENT | |
| Title | The cove |
| Medium | [videorecording] / |
| Statement of responsibility, etc | Lionsgate ; Roadside Attractions; Participant Media ; Oceanic Preservation Society presents a Jim Clark production in association with Diamond Docs and Skyfish Films ; produced by Fisher Stevens, Paula DuPré Pesmen ; written by Mark Monroe ; directed by Louie Psihoyos. |
| 260 ## - PUBLICATION, DISTRIBUTION, ETC. (IMPRINT) | |
| Place of publication, distribution, etc | Santa Monica, Calif. : |
| Name of publisher, distributor, etc | Lionsgate, |
| Date of publication, distribution, etc | c2009. |
| 300 ## - PHYSICAL DESCRIPTION | |
| Extent | 1 videodisc (DVD) (92 min.) : |
| Other physical details | sd., col. ; |
| Dimensions | 4 3/4 in. |
| 538 ## - SYSTEM DETAILS NOTE | |
| System details note | DVD, widescreen; 5.1. |
| 546 ## - LANGUAGE NOTE | |
| Language note | In English with optional English or Spanish subtitles; closed-captioned. |
| 521 8# - TARGET AUDIENCE NOTE | |
| Target audience note | MPAA rating: PG-13; for disturbing content. |
| 520 ## - SUMMARY, ETC. | |
| Summary, etc | In a sleepy lagoon off the coast of Japan is a highly guarded secret. During the night, Taiji fishermen engage in an unseen hunt for thousands of dolphins. The work is so horrifying, the fishermen will stop at nothing to keep it hidden from the outside world. When a team of elite activists, filmmakers, and free-divers embark on a secret mission to penetrate their cover, the shocking discoveries they find there are just the tip of the iceberg. Includes commentary, deleted scenes, and more. |
| 508 ## - CREATION/PRODUCTION CREDITS NOTE | |
| Creation/production credits note | Music, J. Ralph ; editor, Geoffrey Richman ; cinematography, Brook Aitken. |
| 500 ## - GENERAL NOTE | |
| General note | Special features: audio commentary with director Louie Psihoyos and producer Fisher Stevens; The cove : Mercury rising: mini-documentary on the hazards of mercury in fish; deleted and extended scenes. |
| 650 #0 - SUBJECT ADDED ENTRY--TOPICAL TERM | |
| Topical term or geographic name as entry element | Dolphins |
| Geographic subdivision | Japan. |
| 9 (RLIN) | 6511102 |
| 650 #0 - SUBJECT ADDED ENTRY--TOPICAL TERM | |
| Topical term or geographic name as entry element | Animal welfare |
| Geographic subdivision | Japan. |
| 9 (RLIN) | 6511103 |
| 650 #0 - SUBJECT ADDED ENTRY--TOPICAL TERM | |
| Topical term or geographic name as entry element | Endangered species |
| Geographic subdivision | Japan. |
| 9 (RLIN) | 6511104 |
| 650 #0 - SUBJECT ADDED ENTRY--TOPICAL TERM | |
| Topical term or geographic name as entry element | Fishes |
| General subdivision | Mercury content |
| Geographic subdivision | Japan. |
| 9 (RLIN) | 6511105 |
| 655 #0 - INDEX TERM--GENRE/FORM | |
| Genre/form data or focus term | Documentary films. |
| 9 (RLIN) | 6200107 |
| 655 #0 - INDEX TERM--GENRE/FORM | |
| Genre/form data or focus term | Nonfiction films. |
| 9 (RLIN) | 6200108 |
| 655 #0 - INDEX TERM--GENRE/FORM | |
| Genre/form data or focus term | Video recordings for the hearing impaired. |
| 9 (RLIN) | 6200109 |
| 700 1# - ADDED ENTRY--PERSONAL NAME | |
| Personal name | Psihoyos, Louie. |
| 9 (RLIN) | 40859 |
| 700 1# - ADDED ENTRY--PERSONAL NAME | |
| Personal name | Monroe, Mark. |
| 9 (RLIN) | 5883893 |
| 700 1# - ADDED ENTRY--PERSONAL NAME | |
| Personal name | Stevens, Fisher. |
| 9 (RLIN) | 64379 |
| 700 1# - ADDED ENTRY--PERSONAL NAME | |
| Personal name | Pesmen, Paula DuPré. |
| 9 (RLIN) | 6200110 |
| 710 2# - ADDED ENTRY--CORPORATE NAME | |
| Corporate name or jurisdiction name as entry element | Lionsgate (Firm) |
| 9 (RLIN) | 73029 |
| 710 2# - ADDED ENTRY--CORPORATE NAME | |
| Corporate name or jurisdiction name as entry element | Roadside Attractions (Firm) |
| 9 (RLIN) | 58984 |
| 710 2# - ADDED ENTRY--CORPORATE NAME | |
| Corporate name or jurisdiction name as entry element | Participant Media. |
| 9 (RLIN) | 5740563 |
| 710 2# - ADDED ENTRY--CORPORATE NAME | |
| Corporate name or jurisdiction name as entry element | Oceanic Preservation Society. |
| 9 (RLIN) | 6200111 |
| 942 ## - ADDED ENTRY ELEMENTS (KOHA) | |
| Koha item type | DVD |
| 994 ## - | |
| -- | C0 |
| -- | UINTA |
| 998 ## - LOCAL CONTROL INFORMATION (RLIN) | |
| -- | a129453 |
| Withdrawn status | Lost status | Source of classification or shelving scheme | Damaged status | Not for loan | Collection code | Home library | Current library | Shelving location | Date acquired | Source of acquisition | Cost, normal purchase price | Total Checkouts | Total Renewals | Full call number | Barcode | Date last seen | Date checked out | Cost, replacement price | Price effective from | Koha item type |
|---|---|---|---|---|---|---|---|---|---|---|---|---|---|---|---|---|---|---|---|---|
| Dewey Decimal Classification | Movies | Wasatch County Library | Wasatch County Library | Audio Visual Area | 03/15/2010 | Amazon | 15.95 | 58 | 3 | DVD 364.1 Cov | 34301000919979 | 08/15/2025 | 08/09/2025 | 15.95 | 03/20/2020 | DVD |
